000 00419nam a2200145Ia 4500
008 231129s2016||||xx |||||||||||||| ||spa||
020 _a978-84-261-4406-5
040 _bspa
082 _a(i) 862 B456p
100 _aBenavente Jacinto
245 0 _aEl prí­ncipe que todo lo aprendió en los libros
260 _c2016
264 _aBarcelona España : Juventud
942 _2ddc
_cBKS
999 _c12185
_d12185